[Event "Marburg op"]
[Site "Marburg"]
[Date "2024.10.27"]
[Round "7"]
[White "Bahlo, Jens"]
[Black "Spiekermann, Stefan"]
[Result "0-1"]
[WhiteElo "1899"]
[BlackElo "2000"]
[PlyCount "84"]
[EventDate "2024.10.24"]
[EventType "swiss"]
[EventRounds "7"]
[EventCountry "GER"]
[SourceTitle "CB16_2025"]
[SourceDate "2025.04.16"]
[SourceVersion "1"]
[SourceVersionDate "2025.04.16"]
[SourceQuality "1"]

1. e4 c5 2. d3 Nc6 3. f4 e6 4. Nf3 d5 5. Be2 Nf6 6. e5 Nd7 7. c3 Be7 8. 0-0 0-0 9. Be3 b6 10. d4 a5 11. Qa4 Qc7 12. Na3 Na7 13. Bd3 c4 14. Be2 b5 15. Qd1 b4 16. Nb1 Nb5 17. Bf2 bxc3 18. bxc3 Nb6 19. a4 Na7 20. Qd2 Bd7 21. Bd1 Bc6 22. Bc2 Rab8 23. Qd1 Rb7 24. Nh4 g6 25. g4 Qd8 26. Qe1 Kh8 27. f5 gxf5 28. gxf5 exf5 29. Nxf5 f6 30. Bh4 Nd7 31. Nd2 Nc8 32. Nxe7 Qxe7 33. exf6 Qf7 34. Bf5 Nd6 35. Be6 Qg6+ 36. Kh1 Rbb8 37. Bxd7 Bxd7 38. Qe7 Bf5 39. Qxd6 Be4+ 40. Nxe4 Qxe4+ 41. Kg1 Qxh4 42. f7 Rg8+ 0-1

[Event "Marburg op"]
[Site "Marburg"]
[Date "2024.10.26"]
[Round "5"]
[White "Draude, Theo"]
[Black "Spiekermann, Stefan"]
[Result "0-1"]
[WhiteElo "1705"]
[BlackElo "2000"]
[PlyCount "58"]
[EventDate "2024.10.24"]
[EventType "swiss"]
[EventRounds "7"]
[EventCountry "GER"]
[SourceTitle "CB16_2025"]
[SourceDate "2025.04.16"]
[SourceVersion "1"]
[SourceVersionDate "2025.04.16"]
[SourceQuality "1"]

1. e4 c5 2. Nf3 e6 3. d4 cxd4 4. Nxd4 Nc6 5. Nb5 d6 6. N1c3 a6 7. Nd4 Nf6 8. Be3 Be7 9. Be2 Qc7 10. 0-0 0-0 11. a4 Bd7 12. f4 Nxd4 13. Bxd4 Bc6 14. Bf3 e5 15. fxe5 dxe5 16. Be3 Qa5 17. Bg5 Qb6+ 18. Kh1 Qxb2 19. Qd2 Rfd8 20. Rfb1 Qxa1 21. Qxd8+ Rxd8 22. Rxa1 Rd4 23. Rd1 Rxd1+ 24. Bxd1 Bb4 25. Bxf6 Bxc3 26. Be7 Bxa4 27. Kg1 Bc6 28. Bf3 a5 29. Kf2 a4 0-1

[Event "Marburg op"]
[Site "Marburg"]
[Date "2024.10.24"]
[Round "1"]
[White "Ganeshram, Nirupa"]
[Black "Spiekermann, Stefan"]
[Result "1/2-1/2"]
[WhiteElo "1722"]
[BlackElo "2000"]
[PlyCount "90"]
[EventDate "2024.10.24"]
[EventType "swiss"]
[EventRounds "7"]
[EventCountry "GER"]
[SourceTitle "CB16_2025"]
[SourceDate "2025.04.16"]
[SourceVersion "1"]
[SourceVersionDate "2025.04.16"]
[SourceQuality "1"]

1. e4 c5 2. Nf3 e6 3. c3 Nf6 4. e5 Nd5 5. Be2 Nc6 6. 0-0 d6 7. exd6 Bxd6 8. d4 cxd4 9. cxd4 0-0 10. Nc3 Nxc3 11. bxc3 Qc7 12. Be3 b6 13. h3 Bb7 14. Qd3 h6 15. Qd2 Rae8 16. Nh4 f5 17. Qd1 Na5 18. Bd2 Nc4 19. Be1 Rd8 20. Qa4 Bd5 21. Bf3 Bxf3 22. Nxf3 Be7 23. Nd2 Na5 24. Nb3 Nc4 25. Nd2 Na5 26. Nb3 Nc6 27. Bd2 Bf6 28. Rfe1 Rfe8 29. Rad1 Qd6 30. Bc1 Qc7 31. Qc4 Qd7 32. Bf4 Qd5 33. Qxd5 exd5 34. Kf1 Kf7 35. Rxe8 Rxe8 36. Re1 Rxe1+ 37. Kxe1 b5 38. Bd2 Be7 39. Ke2 b4 40. cxb4 Bxb4 41. Bxb4 Nxb4 42. a4 Kf6 43. g3 Ke6 44. h4 g6 45. f3 g5 1/2-1/2

[Event "Marburg op-A"]
[Site "Marburg"]
[Date "2023.10.29"]
[Round "7"]
[White "Spiekermann, Stefan"]
[Black "Stehning, Toni"]
[Result "1/2-1/2"]
[WhiteElo "1999"]
[BlackElo "1592"]
[PlyCount "47"]
[EventDate "2023.10.26"]
[EventType "swiss"]
[EventRounds "7"]
[EventCountry "GER"]
[SourceTitle "CBM 217 Extra"]
[Source "ChessBase"]
[SourceDate "2024.01.31"]
[SourceVersion "1"]
[SourceVersionDate "2024.01.31"]
[SourceQuality "1"]

1. e4 e5 2. Nf3 Nc6 3. Bb5 a6 4. Ba4 Nf6 5. 0-0 Nxe4 6. d4 b5 7. Bb3 Be7 8. dxe5 0-0 9. Bd5 Nc5 10. Qe2 Bb7 11. a3 Kh8 12. Nc3 Ne6 13. Rd1 Bc5 14. Be3 Qe7 15. Ne4 Bxe3 16. Qxe3 Na5 17. Bxb7 Nxb7 18. b4 Rfd8 19. Rd3 d5 20. Nc3 c6 21. Rad1 a5 22. Nd4 Nxd4 23. Qxd4 axb4 24. axb4 1/2-1/2

[Event "Marburg op-A"]
[Site "Marburg"]
[Date "2023.10.27"]
[Round "3"]
[White "Spiekermann, Stefan"]
[Black "Alfonso Durban, Xavier"]
[Result "0-1"]
[WhiteElo "1999"]
[BlackElo "2196"]
[PlyCount "58"]
[EventDate "2023.10.26"]
[EventType "swiss"]
[EventRounds "7"]
[EventCountry "GER"]
[SourceTitle "CBM 217 Extra"]
[Source "ChessBase"]
[SourceDate "2024.01.31"]
[SourceVersion "1"]
[SourceVersionDate "2024.01.31"]
[SourceQuality "1"]

1. e4 c5 2. Nf3 e6 3. d4 cxd4 4. Nxd4 a6 5. Nc3 Qc7 6. Bd3 Nf6 7. 0-0 b5 8. a4 b4 9. Na2 Bb7 10. Qe2 Bd6 11. Nf3 Nc6 12. Bd2 Ng4 13. h3 h5 14. c3 a5 15. Bb5 Bc5 16. Be3 Nxe3 17. fxe3 0-0 18. Rad1 Rad8 19. Nc1 bxc3 20. bxc3 Qf4 21. Nd4 Qxe4 22. Rf4 Qg6 23. Nd3 Bd6 24. Bxc6 dxc6 25. Rh4 c5 26. Nb5 Be7 27. Nf4 Rxd1+ 28. Qxd1 Qg3 29. Rxh5 Qxe3+ 0-1

[Event "Goch op 26th"]
[Site "Goch"]
[Date "2015.09.04"]
[Round "3"]
[White "Fleischhauer, Thomas"]
[Black "Spiekermann, Stefan"]
[Result "1/2-1/2"]
[WhiteElo "1953"]
[BlackElo "2015"]
[PlyCount "31"]
[EventDate "2015.09.03"]
[EventType "swiss"]
[EventRounds "7"]
[EventCountry "GER"]
[SourceTitle "EXT 2018"]
[Source "ChessBase"]
[SourceDate "2017.10.13"]
[SourceVersion "1"]
[SourceVersionDate "2017.10.13"]
[SourceQuality "1"]

1. c4 c5 2. g3 Nc6 3. Bg2 g6 4. Nc3 Bg7 5. Nf3 d6 6. 0-0 Qd7 7. a3 b6 8. d3 Bxc3 9. bxc3 Bb7 10. e4 e6 11. Nd2 Nge7 12. Nb3 0-0-0 13. Re1 d5 14. cxd5 exd5 15. e5 c4 16. Nd4 1/2-1/2

[Event "Goch op 25th"]
[Site "Goch"]
[Date "2014.09.06"]
[Round "5"]
[White "Bomans, Arno"]
[Black "Spiekermann, Stefan"]
[Result "1-0"]
[WhiteElo "2209"]
[BlackElo "2093"]
[PlyCount "100"]
[EventDate "2014.09.04"]
[EventType "swiss"]
[EventRounds "7"]
[EventCountry "GER"]
[SourceTitle "EXT 2016"]
[Source "ChessBase"]
[SourceDate "2015.10.08"]
[SourceVersion "1"]
[SourceVersionDate "2015.10.08"]
[SourceQuality "1"]

1. d4 d5 2. c4 c6 3. Nc3 Nf6 4. Nf3 Bf5 5. Qb3 Qb6 6. c5 Qc7 7. Bf4 Qc8 8. h3 e6 9. Nh4 Be7 10. Nxf5 exf5 11. e3 0-0 12. Be2 Ne4 13. Nxe4 fxe4 14. 0-0-0 Nd7 15. Kb1 b6 16. cxb6 axb6 17. f3 Qb7 18. fxe4 dxe4 19. Rc1 Nf6 20. Bg5 Ra5 21. Bxf6 Bxf6 22. Rc5 Rxc5 23. dxc5 b5 24. a4 Qa7 25. axb5 cxb5 26. Rc1 Rc8 27. c6 Bg5 28. Bg4 Rc7 29. Qxb5 Bf6 30. Rc4 g6 31. Ra4 Qxe3 32. Qb8+ Kg7 33. Qxc7 Qd3+ 34. Ka2 Qb5 35. Qb7 Qxa4+ 36. Kb1 Qc4 37. c7 Qd3+ 38. Ka2 Qc4+ 39. Ka3 Be7+ 40. b4 Qc3+ 41. Ka4 Qa1+ 42. Kb5 Qd4 43. Ka5 Qa1+ 44. Kb5 Qd4 45. c8N Qxb4+ 46. Kc6 Qc4+ 47. Kd7 Bf6 48. Nd6 Qa4+ 49. Kc8 Qc2+ 50. Kb8 Qc5 1-0

[Event "Goch op 25th"]
[Site "Goch"]
[Date "2014.09.05"]
[Round "2"]
[White "Spiekermann, Stefan"]
[Black "Wiesebach, Wolfgang"]
[Result "0-1"]
[WhiteElo "2093"]
[BlackElo "1932"]
[PlyCount "104"]
[EventDate "2014.09.04"]
[EventType "swiss"]
[EventRounds "7"]
[EventCountry "GER"]
[SourceTitle "EXT 2016"]
[Source "ChessBase"]
[SourceDate "2015.10.08"]
[SourceVersion "1"]
[SourceVersionDate "2015.10.08"]
[SourceQuality "1"]

1. e4 c5 2. Nf3 d6 3. d4 cxd4 4. Nxd4 Nf6 5. Nc3 g6 6. Be2 Bg7 7. 0-0 0-0 8. Re1 Bd7 9. Bf1 Nc6 10. Nb3 Rc8 11. Bg5 Be6 12. Nd5 Ng4 13. h3 Nxf2 14. Kxf2 Bxb2 15. Rb1 Be5 16. Qd2 f5 17. Kg1 fxe4 18. Rxe4 Bf5 19. Rc4 Kh8 20. Bd3 Be6 21. Be4 Qd7 22. a4 Rf7 23. c3 Rcf8 24. Nd4 Bxh3 25. gxh3 Qxh3 26. Qg2 Bh2+ 27. Kh1 Rf1+ 28. Rxf1 Rxf1+ 29. Qxf1 Qxf1+ 30. Kxh2 Qxc4 31. Nxe7 Kg7 32. Bd5 Qf1 33. Ne6+ Kf7 34. Nc7+ Kf8 35. Ne6+ Ke8 36. Ng7+ Kd7 37. Be6+ Kc7 38. Nd5+ Kb8 39. Bf4 Ne5 40. Ne8 g5 41. Bxe5 Qe2+ 42. Kg1 Qxe5 43. Nec7 h5 44. c4 Qa1+ 45. Kg2 Qa2+ 46. Kg1 Qxc4 47. Ne8 g4 48. Nef6 Qd4+ 49. Kf1 g3 50. Nd7+ Kc8 51. Ne5+ Kd8 52. Nf7+ Ke8 0-1

[Event "Goch op 24th"]
[Site "Goch"]
[Date "2013.09.06"]
[Round "2"]
[White "Spiekermann, Stefan"]
[Black "Sumets, Andrey"]
[Result "1/2-1/2"]
[WhiteElo "2087"]
[BlackElo "2585"]
[PlyCount "66"]
[EventDate "2013.09.05"]
[EventType "swiss"]
[EventRounds "7"]
[EventCountry "GER"]
[SourceTitle "EXT 2015"]
[Source "ChessBase"]
[SourceDate "2014.11.20"]
[SourceVersion "1"]
[SourceVersionDate "2014.11.20"]
[SourceQuality "1"]

1. e4 e6 2. d4 d5 3. Nc3 Nf6 4. Bg5 dxe4 5. Nxe4 Nbd7 6. Nf3 h6 7. Nxf6+ Nxf6 8. Bxf6 Qxf6 9. Bd3 Bd6 10. Qe2 Bd7 11. Ne5 0-0-0 12. g3 c5 13. 0-0-0 cxd4 14. f4 Bxe5 15. fxe5 Qg5+ 16. Kb1 Bc6 17. Rhf1 Rd7 18. Rf4 Rhd8 19. Rdf1 Rd5 20. Rxf7 Rxe5 21. Qf2 Qe3 22. b3 Qxf2 23. R1xf2 g5 24. Rh7 Re1+ 25. Kb2 e5 26. Rff7 e4 27. Bb5 Bd5 28. Rc7+ Kb8 29. Bc4 Bc6 30. Bb5 Rh8 31. Rhg7 Rg8 32. Rh7 Rh8 33. Rhg7 Rg8 1/2-1/2

[Event "Unna op"]
[Site "Unna"]
[Date "2012.12.29"]
[Round "6"]
[White "Huckebrink, Chris"]
[Black "Spiekermann, Stefan"]
[Result "0-1"]
[WhiteElo "1992"]
[BlackElo "2001"]
[PlyCount "44"]
[EventDate "2012.12.27"]
[EventType "swiss"]
[EventRounds "7"]
[EventCountry "GER"]
[SourceTitle "CBM 152 Extra"]
[Source "ChessBase"]
[SourceDate "2013.02.25"]
[SourceVersion "1"]
[SourceVersionDate "2013.02.25"]
[SourceQuality "1"]

1. e4 Nf6 2. Nc3 d5 3. exd5 Nxd5 4. Bc4 Nb6 5. Bb3 Nc6 6. d3 g6 7. Qf3 e6 8. Ne4 f5 9. Ng5 h6 10. N5h3 Bg7 11. Ne2 0-0 12. Nhf4 Kh7 13. h4 e5 14. h5 g5 15. Ng6 Re8 16. Be3 g4 17. Qg3 f4 18. Nexf4 exf4 19. Qxf4 Nd5 20. Bxd5 Qxd5 21. Qxc7 Bf5 22. Nf4 Qb5 0-1

[Event "Unna op"]
[Site "Unna"]
[Date "2008.12.27"]
[Round "1"]
[White "Spiekermann, Stefan"]
[Black "Abromeit, Guenter"]
[Result "1-0"]
[WhiteElo "2051"]
[BlackElo "1869"]
[PlyCount "62"]
[EventDate "2008.12.27"]
[EventType "swiss"]
[EventRounds "7"]
[EventCountry "GER"]
[SourceTitle "CBM 128 Extra"]
[Source "ChessBase"]
[SourceDate "2009.03.05"]
[SourceVersion "2"]
[SourceVersionDate "2009.03.25"]
[SourceQuality "1"]

1. e4 e6 2. d4 d5 3. Nc3 Nf6 4. Bg5 Be7 5. e5 Nfd7 6. Bxe7 Qxe7 7. f4 c5 8. Nb5 0-0 9. Nc7 Nxe5 10. Nxa8 Nec6 11. dxc5 Qxc5 12. Qd2 Nd4 13. 0-0-0 Nf5 14. Qc3 Qxc3 15. bxc3 Ne3 16. Re1 Nxf1 17. Rxf1 Na6 18. Nf3 Bd7 19. Nb6 axb6 20. Ne5 Bb5 21. Rf3 Nc5 22. c4 dxc4 23. Rd1 f6 24. Ng4 Ne4 25. Rd4 f5 26. Ne5 Rc8 27. c3 g6 28. Re3 Kg7 29. Kb2 Kf6 30. a3 Ba6 31. Rd7 Rf8 1-0

[Event "Unna op"]
[Site "Unna"]
[Date "2003.12.28"]
[Round "3"]
[White "Eismont, Igor"]
[Black "Spiekermann, Stefan"]
[Result "1-0"]
[WhiteElo "2250"]
[BlackElo "1989"]
[PlyCount "53"]
[EventDate "2003.12.27"]
[EventType "swiss"]
[EventRounds "7"]
[EventCountry "GER"]
[SourceTitle "CBM 097 Extra"]
[Source "ChessBase"]
[SourceDate "2004.01.13"]
[SourceVersion "1"]
[SourceVersionDate "2004.01.13"]
[SourceQuality "1"]

1. d4 Nf6 2. c4 g6 3. Nc3 d5 4. Nf3 Bg7 5. e3 0-0 6. b4 b6 7. Qb3 e6 8. Ba3 Re8 9. Be2 c6 10. 0-0 dxc4 11. Bxc4 b5 12. Be2 a5 13. bxa5 Qxa5 14. Bb4 Qd8 15. a4 bxa4 16. Rxa4 Rxa4 17. Qxa4 Nfd7 18. Ne4 e5 19. Nd6 Re6 20. Nxc8 Qxc8 21. Ng5 Rf6 22. Ne4 exd4 23. Nxf6+ Bxf6 24. exd4 Bxd4 25. Bd6 c5 26. Bb5 Qb7 27. Re1 1-0

[Event "Unna op"]
[Site "Unna"]
[Date "2003.12.27"]
[Round "2"]
[White "Spiekermann, Stefan"]
[Black "Henrichs, Thomas"]
[Result "1-0"]
[WhiteElo "1989"]
[BlackElo "2419"]
[PlyCount "83"]
[EventDate "2003.12.27"]
[EventType "swiss"]
[EventRounds "7"]
[EventCountry "GER"]
[SourceTitle "CBM 097 Extra"]
[Source "ChessBase"]
[SourceDate "2004.01.13"]
[SourceVersion "1"]
[SourceVersionDate "2004.01.13"]
[SourceQuality "1"]

1. e4 c5 2. Nf3 d6 3. d4 cxd4 4. Nxd4 Nf6 5. Nc3 a6 6. Be2 e6 7. 0-0 Qc7 8. f4 Be7 9. Bf3 0-0 10. Kh1 Nc6 11. Nb3 b5 12. Be3 Bb7 13. Bg1 Rac8 14. Qe1 Nd7 15. Qe3 Na5 16. Nxa5 Qxa5 17. a3 Qc7 18. Rac1 Rfe8 19. Ne2 e5 20. g3 Bf6 21. c3 Nc5 22. f5 Qc6 23. c4 bxc4 24. Rxc4 a5 25. b4 axb4 26. axb4 Qa6 27. Rfc1 Nd7 28. Rc7 Rxc7 29. Rxc7 Bg5 30. Qb3 Bc8 31. b5 Qa5 32. Qc4 Qa8 33. Nc3 h6 34. h4 Bd2 35. Nd5 Rf8 36. Nb6 Qa3 37. Bg2 Qxg3 38. Nxd7 Bxd7 39. Rxd7 Qxh4+ 40. Bh2 Qe1+ 41. Bf1 d5 42. Rxd5 1-0

[Event "IECC CL3-2003.28 email"]
[Site "IECC email"]
[Date "2003.12.01"]
[Round "?"]
[White "Teboul, Rene"]
[Black "Spiekermann, Stefan"]
[Result "1/2-1/2"]
[WhiteElo "1991"]
[BlackElo "1870"]
[PlyCount "45"]
[EventDate "2003.??.??"]
[EventType "tourn (corr)"]
[EventRounds "4"]
[SourceTitle "Corr 2008"]
[Source "ChessBase"]
[SourceDate "2008.06.24"]
[SourceVersion "1"]
[SourceVersionDate "2008.06.24"]
[SourceQuality "1"]

1. d4 Nf6 2. c4 e6 3. Nc3 Bb4 4. e3 b6 5. Nge2 Ne4 6. Bd2 Nxd2 7. Qxd2 0-0 8. Ng3 Bb7 9. a3 Be7 10. d5 d6 11. Bd3 e5 12. 0-0 Nd7 13. b4 g6 14. e4 a5 15. Rfd1 Bg5 16. Qe2 Qe7 17. Bc2 Nf6 18. Ba4 h5 19. Qd3 h4 20. Nge2 Nh5 21. Bc6 Rfb8 22. b5 Ra7 23. Bxb7 1/2-1/2

[Event "IECC CL3-2002.08"]
[Site "IECC email"]
[Date "2002.02.21"]
[Round "?"]
[White "Spiekermann, Stefan"]
[Black "Le Corre, Alexandre"]
[Result "1-0"]
[WhiteElo "1884"]
[BlackElo "1883"]
[PlyCount "33"]
[EventDate "2002.??.??"]
[EventType "tourn (corr)"]
[EventRounds "4"]
[SourceTitle "Corr 2008"]
[Source "ChessBase"]
[SourceDate "2008.06.24"]
[SourceVersion "1"]
[SourceVersionDate "2008.06.24"]
[SourceQuality "1"]

1. e4 g6 2. d4 Bg7 3. Nc3 c6 4. f4 d5 5. e5 Nh6 6. Nf3 f6 7. Be2 Bg4 8. Be3 0-0 9. 0-0 Nf5 10. Bf2 Bxf3 11. Bxf3 fxe5 12. dxe5 e6 13. Ne2 g5 14. c4 gxf4 15. Nxf4 Qe7 16. cxd5 cxd5 17. Nxe6 1-0

[Event "IECC CL3-2002.08"]
[Site "IECC email"]
[Date "2002.02.21"]
[Round "?"]
[White "Zamora, Sammy"]
[Black "Spiekermann, Stefan"]
[Result "1/2-1/2"]
[WhiteElo "1855"]
[BlackElo "1899"]
[PlyCount "66"]
[EventDate "2002.??.??"]
[EventType "tourn (corr)"]
[EventRounds "4"]
[SourceTitle "Corr 2008"]
[Source "ChessBase"]
[SourceDate "2008.06.24"]
[SourceVersion "1"]
[SourceVersionDate "2008.06.24"]
[SourceQuality "1"]

1. d4 d5 2. c4 c6 3. Nc3 Nf6 4. e3 Bf5 5. cxd5 cxd5 6. Qb3 Qc7 7. Nxd5 Nxd5 8. Qxd5 e6 9. Bb5+ Nc6 10. Qc4 Bd6 11. Ne2 0-0 12. Nc3 Rac8 13. e4 Bg6 14. Be3 Qe7 15. Qe2 Rfd8 16. 0-0 Bb4 17. Bxc6 Rxc6 18. Qd3 Bxc3 19. bxc3 Rdc8 20. Bd2 Rc4 21. Rab1 Ra4 22. Rb2 a6 23. f4 f6 24. Qe2 b5 25. e5 f5 26. h3 Qd7 27. Ra1 Qd5 28. a3 Be8 29. Rb4 Rc4 30. Qf2 Bc6 31. Kh2 Qe4 32. Rxa4 Rxa4 33. Bc1 Bd5 1/2-1/2

[Event "IECC CL3-2001.10"]
[Site "IECC email"]
[Date "2001.03.13"]
[Round "?"]
[White "Spiekermann, Stefan"]
[Black "Kulczycki, Michael"]
[Result "0-1"]
[WhiteElo "1911"]
[BlackElo "1966"]
[PlyCount "58"]
[EventDate "2001.??.??"]
[EventType "tourn (corr)"]
[EventRounds "4"]
[SourceTitle "Corr 2008"]
[Source "ChessBase"]
[SourceDate "2008.06.24"]
[SourceVersion "1"]
[SourceVersionDate "2008.06.24"]
[SourceQuality "1"]

1. Nf3 d5 2. g3 Nf6 3. Bg2 c6 4. 0-0 Bg4 5. d3 Nbd7 6. Nbd2 e5 7. h3 Bxf3 8. Bxf3 Bc5 9. e4 dxe4 10. dxe4 Qe7 11. a4 Qe6 12. Kg2 0-0-0 13. c3 Bd6 14. Qe2 Bc7 15. b4 Rhg8 16. Nc4 g5 17. Ne3 Kb8 18. b5 h5 19. bxc6 Qxc6 20. Nd5 g4 21. Ne7 gxf3+ 22. Qxf3 Qxe4 23. Nxg8 Rxg8 24. a5 Qg6 25. Ra4 Nc5 26. Rc4 e4 27. Qe2 Nd3 28. Be3 Bxg3 29. fxg3 Qxg3+ 0-1

[Event "IECC M email"]
[Site "IECC email"]
[Date "1999.08.18"]
[Round "?"]
[White "De Leeuw, Dirk"]
[Black "Spiekermann, Stefan"]
[Result "1-0"]
[WhiteElo "2007"]
[BlackElo "1921"]
[PlyCount "71"]
[EventDate "1999.??.??"]
[EventType "tourn (corr)"]
[EventRounds "6"]
[SourceTitle "Corr 2008"]
[Source "ChessBase"]
[SourceDate "2008.06.24"]
[SourceVersion "1"]
[SourceVersionDate "2008.06.24"]
[SourceQuality "1"]

1. d4 Nf6 2. c4 g6 3. Nc3 d5 4. cxd5 Nxd5 5. e4 Nxc3 6. bxc3 Bg7 7. Bc4 c5 8. Ne2 0-0 9. 0-0 Nc6 10. Be3 Bg4 11. f3 Na5 12. Bd3 cxd4 13. cxd4 Be6 14. Rc1 Bxa2 15. Qa4 Bb3 16. Qa3 b6 17. d5 Qd6 18. Qxd6 exd6 19. Rc7 Ba4 20. Bf4 Rfd8 21. Ba6 Nb3 22. Bb7 Rab8 23. Ba6 Nc5 24. Rxa7 Nxa6 25. Rxa6 Bb5 26. Ra2 Bc4 27. Rd2 Ra8 28. Rb1 Ra3 29. Nd4 f5 30. Ne6 Rd7 31. Rxb6 fxe4 32. fxe4 Ra1+ 33. Kf2 h6 34. Nxg7 Kxg7 35. Bxd6 g5 36. Be5+ 1-0

[Event "IECC CL3-1999.29"]
[Site "IECC email"]
[Date "1999.07.29"]
[Round "?"]
[White "Perz, Martial"]
[Black "Spiekermann, Stefan"]
[Result "0-1"]
[WhiteElo "1869"]
[BlackElo "1950"]
[PlyCount "132"]
[EventDate "1999.??.??"]
[EventType "tourn (corr)"]
[EventRounds "4"]
[SourceTitle "Corr 2008"]
[Source "ChessBase"]
[SourceDate "2008.06.24"]
[SourceVersion "1"]
[SourceVersionDate "2008.06.24"]
[SourceQuality "1"]

1. d4 Nf6 2. c4 g6 3. Nc3 d5 4. Nf3 Bg7 5. Bg5 Ne4 6. cxd5 Nxg5 7. Nxg5 e6 8. Qd2 exd5 9. Qe3+ Kf8 10. Qf4 Bf6 11. Nf3 Kg7 12. e4 dxe4 13. Nxe4 Be6 14. Nxf6 Qxf6 15. Qxf6+ Kxf6 16. Rc1 c6 17. b3 Rd8 18. Bc4 Bd5 19. Bxd5 Rxd5 20. Kd2 Na6 21. Rhe1 Rad8 22. Kc3 Nc7 23. Rcd1 Kg7 24. a4 R8d7 25. b4 a5 26. Rb1 f6 27. h3 Kf7 28. Re4 Rf5 29. Kb3 axb4 30. Kxb4 h5 31. Rb3 Na6+ 32. Ka3 Ra5 33. Rb6 Nc7 34. Rxb7 Nb5+ 35. Kb4 Rxa4+ 36. Kxa4 Rxb7 37. Re3 Nc7 38. Rc3 Rb6 39. g3 Ke6 40. Rc1 Kd5 41. Nh4 Kxd4 42. Nxg6 c5 43. Rd1+ Ke4 44. Nf4 c4 45. Nxh5 Nd5 46. f3+ Ke5 47. f4+ Ke4 48. Re1+ Kd4 49. Ng7 c3 50. Nf5+ Kd3 51. Rd1+ Kc4 52. Rd4+ Kc5 53. Rd1 Rb2 54. Ka3 Nb6 55. Ne3 Nc4+ 56. Nxc4 Kxc4 57. Rd6 f5 58. Rc6+ Kd3 59. g4 Rb7 60. Rd6+ Ke2 61. Rc6 Kd2 62. Rd6+ Kc1 63. Ka2 c2 64. Rc6 Rb2+ 65. Ka1 Rb1+ 66. Ka2 Kd2 0-1